Statistics for Provinces Of Bhutan

Click here to take the quiz!

General Stats

  • This quiz has been taken 28 times
  • The average score is 5 of 8

Answer Stats

Answer% Correct
6Thimphu
94%
3Paro
81%
1Bumthang
56%
2Daga
50%
5Punakha
50%
7Trongsa
50%
8Wangdue
50%
4Phodrang
25%

Score Distribution

Percentile by Number Answered

Percent of People with Each Score

Your Score History

You have not taken this quiz